| 000 | 00797cam a22002412 4500 | ||
|---|---|---|---|
| 001 | 0000013131 | ||
| 005 | 20151217152122.0 | ||
| 008 | 090610s xx 000 0 eng d | ||
| 020 | _a1597260363 : | ||
| 040 |
_aKABU _cKABU |
||
| 050 | 0 |
_aKF3775 _b.B83 2006 |
|
| 100 | 1 |
_aBuck, Susan J. _@0000153382 |
|
| 245 | 1 | 0 |
_aUnderstanding environmental administration and law / _cSusan J. Buck. |
| 250 | _a3rd ed. | ||
| 260 |
_aWashington, DC : _bIsland Press, _c2006. |
||
| 300 | _axviii, 284 p. | ||
| 650 | 0 |
_aEnvironmental law _zUnited States. _@0000153383 |
|
| 650 | 0 |
_aEnvironmental policy _zUnited States. _@0000150349 |
|
| 852 | 1 | _9p3900 KES | |
| 852 | 1 | _9p2573 KES | |
| 908 | _a090610 | ||
| 950 | _@1 | ||
| 999 |
_c8454 _d8454 |
||